| 000 | 00602nam a2200241 a 4500 | ||
|---|---|---|---|
| 999 |
_c5040 _d5040 |
||
| 001 | 5040 | ||
| 003 | BD-JhCC | ||
| 005 | 20171207125003.0 | ||
| 008 | 171207s19611962e a|||| || | 001 0 eng d | ||
| 035 | _a(BD-JhCC)5040 | ||
| 040 |
_aBD-JhCC _dBD-JhCC |
||
| 041 | _aeng | ||
| 082 |
_a425 _bYGL 1962 |
||
| 100 | _aYglesias, J. R.C. | ||
| 245 |
_aPleasure in English / _c J. R.C. Yglesias, B. A. |
||
| 250 | _a2nd Ed. | ||
| 260 |
_aLondon : _bLongmans, _c1962. |
||
| 300 |
_a168 p. : _bill. ; _c20 cm. |
||
| 504 | _aIncludes Index | ||
| 650 | _aEnglish Language | ||
| 942 |
_2ddc _cBK |
||